000 01164nam a2200289 4500
003 OSt
005 20231020141057.0
008 231019s2020 mx |||f |||| 001 0 spa d
020 _a9786073033497
040 _erda
_cCHAP
082 0 0 _222
_a338.19
_bC73
245 0 3 _aLa comida de aquí:
_bretos y realidades de los circuitos cortos de comercialización /
_ccoordinado por Alma Amalia González Cabañas, Ronald Nigh y Michael Pouzenc
264 1 _aChiapas:
_bUniversidad Nacional Autónoma de México, Centro de Investigaciones Multidisciplinarias sobre Chiapas y la Frontera Sur,
_c2020.
300 _a279 páginas:
_bsin ilustraciones
336 _2rdacontent
_atexto
_btxt
337 _2rdamedia
_asin medio
_bn
338 _2rdacarrier
_avolumen
_bnc
504 _aIncluye índice y bibliografía
650 4 _992000
_aProductos agrícolas
_xMercados
650 4 _9188179
_aAbastecimiento de alimentos
_zAmérica Latina
650 4 _91202
_aAgricultura
_xAspectos económicos
_xAmérica Latina
700 0 _948742
_aGonzález Cabañas, Alma Amalia
700 0 _981329
_aNigh, Ronald
700 1 _9188172
_aPouzenc, Michael
942 _2ddc
942 _cLIBRO
999 _c219297
_d219297